Southville International School and Colleges
Your cart is empty.
  • Cart
  • Lists
    Public lists Eva Luna New books Lux_list list_1
    Your lists Log in to create your own lists
  • Log in to your account
  • Your cookies
  • Search history
Southville International School and Colleges
  • Advanced search
  • Recent comments
  • Most popular
  • Libraries

Log in to your account

Log in with GOOGLE


If you do not have an external account, but do have a local account, you can still log in:

  1. Home
  2. MARC view: Payasos de Circo /
Normal view MARC view ISBD view

Payasos de Circo / (Record no. 290325)

[ view plain ]
MARC details
000 -LEADER
fixed length control field 00561nam a2200193Ia 4500
008 - FIXED-LENGTH DATA ELEMENTS--GENERAL INFORMATION
fixed length control field 160114s9999 xx 000 0 und d
020 ## - INTERNATIONAL STANDARD BOOK NUMBER
International Standard Book Number 1588108457
050 ## - LIBRARY OF CONGRESS CALL NUMBER
Classification number 791.3
050 ## - LIBRARY OF CONGRESS CALL NUMBER
Item number .J82p 2002
100 ## - MAIN ENTRY--PERSONAL NAME
Personal name Jordan, Denise M.
245 ## - TITLE STATEMENT
Title Payasos de Circo /
Statement of responsibility, etc Denise M Jordan.
260 ## - PUBLICATION, DISTRIBUTION, ETC. (IMPRINT)
Place of publication, distribution, etc Chicago, Ill. :
Name of publisher, distributor, etc Heinemann Library.
Date of publication, distribution, etc 2002
300 ## - PHYSICAL DESCRIPTION
Extent 24 pages;
Other physical details color illustrations ;
Dimensions 23 cm.
440 ## - SERIES STATEMENT/ADDED ENTRY--TITLE
Title Heinemann lee y aprende.
650 ## - SUBJECT ADDED ENTRY--TOPICAL TERM
Topical term or geographic name as entry element Clowning --
650 ## - SUBJECT ADDED ENTRY--TOPICAL TERM
Topical term or geographic name as entry element Clowns --
650 ## - SUBJECT ADDED ENTRY--TOPICAL TERM
General subdivision Juvenile literature.
650 ## - SUBJECT ADDED ENTRY--TOPICAL TERM
General subdivision Juvenile literature.
Holdings
Withdrawn status Lost status Damaged status Home library Current library Shelving location Date acquired Total Checkouts Full call number Date last seen Price effective from Koha item type
      Stonyhurst Southville International School (Batangas) Stonyhurst Southville International School (Batangas) Grade School Section 01/14/2016   791.3 .J82p 2002 01/14/2016 01/14/2016 Books

Payasos de Circo /

APA

Jordan D. M., . (2002). Payasos de Circo. Chicago, Ill: Heinemann Library.

Chicago

Jordan Denise M, . 2002. Payasos de Circo. Chicago, Ill: Heinemann Library.

Harvard

Jordan D. M., . (2002). Payasos de Circo. Chicago, Ill: Heinemann Library.

MLA

Jordan Denise M, . Payasos de Circo. Chicago, Ill: Heinemann Library. 2002.

  • Place hold
  • Print
  • Cite
  • Add to your cart (remove)
  • Save record
    BIBTEX Dublin Core MARCXML MARC (non-Unicode/MARC-8) MARC (Unicode/UTF-8) MARC (Unicode/UTF-8, Standard) MODS (XML) RIS
  • More searches
    Search for this title in:
    Other Libraries (WorldCat) Other Databases (Google Scholar) Online Stores (Bookfinder.com) Open Library (openlibrary.org)

Exporting to Dublin Core...

SOUTHVILLE LIBRARY

Southville International School and Colleges Library

1281 Tropical Ave. Cor. Luxembourg St., BF Homes International, Las Pinas City

Tel. No. 8256374 / 252358 Loc. 117/146

Powered by Koha